000 00432nam a2200181Ia 4500
005 20250603144637.0
008 250603s9999 xx 000 0 und d
020 _a0750654260
050 _aHQ 781 .C45/
100 _aEdited by Mark Dudek
245 0 _aChildren's spaces
260 _aAmsterdam ; Boston
260 _bArchitectural Press
260 _c2005
300 _a281 p
650 _aAmsterdam ; Boston
942 _cBK
999 _c39527
_d39527